Enseñar competencias sobre la Religión: hacia un currículo de Religión por competencias
Bewaard in:
| Hoofdauteur: | |
|---|---|
| Formaat: | Boek |
| Taal: | Spaans |
| Gepubliceerd in: |
Madrid
Desclée de Brouwer S. A
2009
|
| Reeks: | Aprender a Ser
|
| Onderwerpen: | |
| Tags: |
Voeg label toe
Geen labels, Wees de eerste die dit record labelt!
|
MARC
| LEADER | 00000cam a2200000 a 4500 | ||
|---|---|---|---|
| 001 | UCF8580 | ||
| 003 | CL-VaPUC | ||
| 008 | 130916e20090000sp |||||||||||||||||spa|d | ||
| 020 | |a 9788433023568 | ||
| 082 | 0 | 4 | |a 268.4 |b ART |2 21 |
| 100 | 0 | |a Artacho López, Rafael |e author |9 570682 | |
| 245 | 1 | 0 | |a Enseñar competencias sobre la Religión: hacia un currículo de Religión por competencias |
| 300 | |a 422 p | ||
| 942 | |c BK | ||
| 945 | |d 20130916 10:38:00 |a dcastane | ||
| 260 | |a Madrid |b Desclée de Brouwer S. A |c 2009 | ||
| 650 | 0 | |a Curriculos |9 343652 | |
| 650 | 0 | |a Métodos de enseñanza |9 270413 | |
| 650 | 0 | |a Enseñanza de la religión |9 432005 | |
| 583 | |a last modification |c 20130916 10:38:00 |k Rodrigo Vera | ||
| 490 | 0 | |a Aprender a Ser | |
| 999 | |c 353147 |d 353145 | ||
| 952 | |0 0 |1 0 |3 erb |4 0 |6 268_400000000000000_ART_2009 |7 0 |8 A |9 458112 |a BIBTEO |b BIBTEO |d 2019-11-23 |i 5010179 |o 268.4 ART 2009 |p 5010179 |r 2025-01-17 |w 2019-11-23 |y BK |z Catalogado en:20130916 |k ICR | ||